|
|
|
|
| LEADER |
03547nam a22005175i 4500 |
| 001 |
978-1-84628-630-8 |
| 003 |
DE-He213 |
| 005 |
20151204185114.0 |
| 007 |
cr nn 008mamaa |
| 008 |
100301s2007 xxk| s |||| 0|eng d |
| 020 |
|
|
|a 9781846286308
|9 978-1-84628-630-8
|
| 024 |
7 |
|
|a 10.1007/978-1-84628-630-8
|2 doi
|
| 040 |
|
|
|d GrThAP
|
| 050 |
|
4 |
|a QA76.6-76.66
|
| 072 |
|
7 |
|a UM
|2 bicssc
|
| 072 |
|
7 |
|a COM051000
|2 bisacsh
|
| 082 |
0 |
4 |
|a 005.11
|2 23
|
| 100 |
1 |
|
|a Graba, Jan.
|e author.
|
| 245 |
1 |
3 |
|a An Introduction to Network Programming with Java
|h [electronic resource] /
|c by Jan Graba.
|
| 264 |
|
1 |
|a London :
|b Springer London,
|c 2007.
|
| 300 |
|
|
|a XII, 416 p. 104 illus.
|b online resource.
|
| 336 |
|
|
|a text
|b txt
|2 rdacontent
|
| 337 |
|
|
|a computer
|b c
|2 rdamedia
|
| 338 |
|
|
|a online resource
|b cr
|2 rdacarrier
|
| 347 |
|
|
|a text file
|b PDF
|2 rda
|
| 505 |
0 |
|
|a Basic Concepts, Protocols and Terminology -- Starting Network Programming in Java -- Multithreading and Multiplexing -- File Handling -- Remote Method Invocation (RMI) -- CORBA -- Java Database Connectivity (JDBC) -- Servlets -- JavaServer Pages (JSPs) -- JavaBeans -- to Enterprise JavaBeans -- Multimedia -- Applets.
|
| 520 |
|
|
|a The continually expanding popularity of both the Internet and local intranets means that the ability to construct reliable network software is a vital skill for many of today's programmers. At the same time, Java's comprehensive libraries of readily-accessible network programming features ensure that Java remains at the forefront of network software development. The first edition of An Introduction to Network Programming with Java provided a 'streamlined' work that could serve equally well as the core text on an undergraduate module and as the quick, clear, 'no-nonsense' guide required by a busy IT professional. Notable amongst its features were its numerous code examples, screenshots and end-of-chapter exercises. The second edition retains these features, but builds upon the success of the original text by introducing the following changes and additions: • Language changes throughout the examples (and the model solutions on the Web site), largely reflecting the significant changes introduced by J2SE 5.0; • Comprehensive update of support software, particularly that used for Web applications; • New material, such as non-blocking servers and the use of the DataSource interface and Data Access Objects (DAOs) for connecting to remote databases; Jan Graba is a Senior Lecturer in Software Engineering at Sheffield Hallam University, where he has specialised in the teaching of network programming with Java for the past five years.
|
| 650 |
|
0 |
|a Computer science.
|
| 650 |
|
0 |
|a Input-output equipment (Computers).
|
| 650 |
|
0 |
|a Computer communication systems.
|
| 650 |
|
0 |
|a Software engineering.
|
| 650 |
|
0 |
|a Computer programming.
|
| 650 |
|
0 |
|a Programming languages (Electronic computers).
|
| 650 |
1 |
4 |
|a Computer Science.
|
| 650 |
2 |
4 |
|a Programming Techniques.
|
| 650 |
2 |
4 |
|a Computer Communication Networks.
|
| 650 |
2 |
4 |
|a Input/Output and Data Communications.
|
| 650 |
2 |
4 |
|a Software Engineering/Programming and Operating Systems.
|
| 650 |
2 |
4 |
|a Software Engineering.
|
| 650 |
2 |
4 |
|a Programming Languages, Compilers, Interpreters.
|
| 710 |
2 |
|
|a SpringerLink (Online service)
|
| 773 |
0 |
|
|t Springer eBooks
|
| 776 |
0 |
8 |
|i Printed edition:
|z 9781846283802
|
| 856 |
4 |
0 |
|u http://dx.doi.org/10.1007/978-1-84628-630-8
|z Full Text via HEAL-Link
|
| 912 |
|
|
|a ZDB-2-SCS
|
| 950 |
|
|
|a Computer Science (Springer-11645)
|